LEADER 00511nab a2200133 i 4500 001 000000327824 003 CaOOAMICUS 005 20180831173549.0 008 180831n it uu u0 0ita r 013 $a39416 040 $aSeMil$bita 245 10$a"Amici" per pregare insieme: intenzioni di preghiera per gennaio. Calendario associativo. 773 0 $t[GENNAIO 1998]. - 32 p.$gp.23$w()290625 996 $6245$a"Amici" per pregare insieme: intenzioni di preghiera per gennaio. Calendario associativo.$9(OLS)http://semarc/title/416432 LEADER 00998nam a2200229 i 4500 001 000000212212 003 CaOOAMICUS 005 20120330000000.0 008 120330s1967 it u000 u ita u 013 $a191043 040 $aSeMil$bita 245 14$aThe roman Empire and its neighbours /$cFergus Millar ... [et al.]. 260 $aLondon :$bWeidenfeld and Nicolson,$c1967. 300 $aXII, 362 p. :$bill. ;$ccm. 22. 490 0 $aThe Weidenfeld & Nicolson universal history 650 4$aImpero romano <27 a.C.-395> - Storia.$0(OLS)http://semarc/subject/1892 700 1 $aMillar, Fergus.$0(OLS)http://semarc/name/2599 830 4$aThe Weidenfeld & Nicolson universal history.$0(OLS)http://semarc/title/35833 850 $aSeMil 852 $aSeMil$W1$xVenegono$y1$m3S III 255$j162647$B162647$CSeMilBibl$Z2$F173841 $81 996 $6245$aThe roman Empire and its neighbours$9(OLS)http://semarc/title/306464 996 $6260$aLondon :$bWeidenfeld and Nicolson$9(OLS)http://semarc/publisher/32442